Normal view
MARC view
- Borowik, Bohdan
Entry Personal Name
001 - CONTROL NUMBER
- control field: 84929
003 - CONTROL NUMBER IDENTIFIER
- control field: NUST
005 - DATE AND TIME OF LATEST TRANSACTION
- control field: 20211123153543.0
008 - FIXED-LENGTH DATA ELEMENTS
- fixed length control field: 211123|| aca||aabn | a|a d
040 ## - CATALOGING SOURCE
- Original cataloging agency: NUST
- Transcribing agency: NUST
100 ## - HEADING--PERSONAL NAME
- Personal name: Borowik, Bohdan
670 ## - SOURCE DATA FOUND
- Source citation: Work cat.: (NUST)33229: Borowik, Bohdan., Interfacing PIC microcontrollers to peripherial devices /, 2011.
